[Event "XXXI Coppa A"]
[Site "Cagliari ITA"]
[Date "2006.03.26"]
[Round "2"]
[White "Camboni, Paolo"]
[Black "Clementini, Lorenzo"]
[Result "1-0"]
[WhiteElo "1883"]
[BlackElo "2126"]
[PlyCount "75"]
[EventDate "2006.03.25"]

1. Nf3 d5 2. b3 Nc6 3. Bb2 Nf6 4. e3 Bg4 5. Be2 e6 6. O-O Bd6 7. d4 h5 8. c4
Ne4 9. c5 Be7 10. b4 a6 11. a3 Bg5 12. Nc3 Nxc3 13. Bxc3 O-O 14. h3 Bxf3 15.
Bxf3 h4 16. e4 Ne7 17. Re1 c6 18. Ra2 Ng6 19. g3 f5 20. exd5 exd5 21. Rae2 hxg3
22. fxg3 Qc7 23. Kf2 f4 24. Bg4 fxg3+ 25. Kg1 Nf4 26. Re5 Bf6 27. Bd2 Bxe5 28.
Rxe5 Rf6 29. Bxf4 Rxf4 30. Be6+ Rf7 31. Qh5 Raf8 32. Qg6 g2 33. Rh5 Rd8 34.
Bxf7+ Qxf7 35. Rh8+ Kxh8 36. Qxf7 a5 37. Kxg2 axb4 38. axb4 1-0

[Event "XXXI Coppa A"]
[Site "Cagliari ITA"]
[Date "2006.03.26"]
[Round "2"]
[White "Collu, Giuseppe"]
[Black "Santilli, Enrico"]
[Result "0-1"]
[WhiteElo "1832"]
[BlackElo "1892"]
[PlyCount "90"]
[EventDate "2006.03.25"]

1. e4 d5 2. exd5 Nf6 3. d4 Nxd5 4. c4 Nb4 5. Qa4+ N8c6 6. d5 b5 7. Qd1 Nd4 8.
Na3 e5 9. Be3 c5 10. Bxd4 cxd4 11. Nxb5 Qa5 12. Qd2 Nc2+ 13. Kd1 Qxd2+ 14. Kxd2
Nxa1 15. Nc7+ Kd8 16. Nxa8 Bb4+ 17. Kd1 Bf5 18. a3 Bc2+ 19. Kc1 d3 20. Bxd3
Bxd3 21. axb4 Bxc4 22. d6 Bd5 23. Nf3 Bxa8 24. Nxe5 Bd5 25. Rd1 Be6 26. b3 f6
27. Nd3 Nxb3+ 28. Kb2 Kd7 29. f4 Rb8 30. h3 Rb6 31. f5 Bf7 32. Nf4 Rxb4 33. Ne6
Rb6 34. Nf8+ Kd8 35. d7 Nd4+ 36. Ka3 Nxf5 37. Rc1 Nd6 38. Rc4 Rb7 39. Rc6 Nc4+
40. Ka4 Nb6+ 41. Ka5 Nxd7 42. Ka6 Rb6+ 43. Rxb6 axb6 44. Nxd7 Kxd7 45. Kxb6 Kd6
0-1

[Event "XXXI Coppa A"]
[Site "Cagliari ITA"]
[Date "2006.03.26"]
[Round "2"]
[White "Corona, Danilo"]
[Black "Putzolu, Marcello"]
[Result "0-1"]
[WhiteElo "1732"]
[BlackElo "1778"]
[PlyCount "94"]
[EventDate "2006.03.25"]

1. e4 c5 2. c3 d5 3. exd5 Qxd5 4. Nf3 Nc6 5. d4 Nf6 6. Be2 Bf5 7. O-O Bxb1 8.
Rxb1 Qxa2 9. Be3 cxd4 10. Nxd4 g6 11. Bb5 Rc8 12. Nb3 Bg7 13. Qc2 O-O 14. Ra1
Nb4 15. Rxa2 Nxc2 16. Bxa7 Rfd8 17. Rc1 Nd5 18. Ra4 Nxc3 19. bxc3 Rxc3 20. Nd4
Nxd4 21. Re1 Nxb5 22. Bb6 Rd6 23. Ra8+ Bf8 24. Be3 Rcd3 25. Kf1 Rd8 26. Ra5 Nd4
27. Rc5 Nf5 28. Bf4 R3d5 29. Rc7 b5 30. Rb7 e6 31. Bg5 Ng3+ 32. hxg3 Rxg5 33.
Rc1 Rgd5 34. Rcc7 Re5 35. Rc1 b4 36. f4 Red5 37. Rc4 Rd1+ 38. Ke2 R1d2+ 39. Kf3
R8d3+ 40. Kg4 f5+ 41. Kg5 Rd7 42. Rb8 Rd8 43. Rb7 R2d7 44. Rcc7 Rxc7 45. Rxc7
Rb8 46. Kf6 b3 47. g4 b2 0-1

[Event "XXXI Coppa A"]
[Site "Cagliari ITA"]
[Date "2006.03.26"]
[Round "2"]
[White "Marras, Giuseppe"]
[Black "Lai, Luca"]
[Result "1-0"]
[WhiteElo "1870"]
[BlackElo "1829"]
[PlyCount "55"]
[EventDate "2006.03.25"]

1. d4 Nf6 2. Nc3 c5 3. dxc5 e5 4. Bg5 Bxc5 5. e3 h6 6. Bh4 Nc6 7. a3 g5 8. Bg3
d5 9. Nf3 Bg4 10. Be2 Bxf3 11. Bxf3 e4 12. Be2 Qd7 13. Nb5 O-O-O 14. c3 Nh7 15.
Nd4 Bxd4 16. cxd4 f5 17. Rc1 Rdf8 18. Be5 Nf6 19. Bb5 Kd8 20. Qa4 Nxe5 21. dxe5
Qe7 22. exf6 Qxf6 23. Qc2 Rf7 24. Qc8+ Ke7 25. Rc7+ Kd6 26. Rd7+ Ke6 27. Rd8+
Ke7 28. Qd7# 1-0

[Event "XXXI Coppa A"]
[Site "Cagliari ITA"]
[Date "2006.03.26"]
[Round "2"]
[White "Pes, Francesco"]
[Black "Palmieri, Roberto"]
[Result "1-0"]
[WhiteElo "1802"]
[BlackElo "1838"]
[PlyCount "69"]
[EventDate "2006.03.25"]

1. d4 d5 2. c4 e6 3. Nc3 Nf6 4. Bf4 Bd6 5. Bxd6 Qxd6 6. Nf3 O-O 7. e3 c6 8. c5
Qc7 9. Ne5 b6 10. cxb6 axb6 11. Be2 Nbd7 12. f4 Nxe5 13. fxe5 Nd7 14. Bd3 Ba6
15. O-O Bxd3 16. Qxd3 f6 17. exf6 Nxf6 18. e4 dxe4 19. Nxe4 Nxe4 20. Qxe4 Qd6
21. a3 Rad8 22. Rae1 Rxf1+ 23. Kxf1 Rf8+ 24. Kg1 Rf6 25. Rc1 c5 26. dxc5 bxc5
27. Rf1 Rxf1+ 28. Kxf1 Qd1+ 29. Kf2 Qd2+ 30. Kf3 Qd7 31. h3 h6 32. Ke3 Kf7 33.
Qf4+ Ke7 34. Qe5 Kd8 35. Qxc5 1-0

[Event "XXXI Coppa A"]
[Site "Cagliari ITA"]
[Date "2006.03.26"]
[Round "2"]
[White "Puzzoni, Christian"]
[Black "Ljubisavljevic, Zivojin Z."]
[Result "0-1"]
[WhiteElo "2073"]
[BlackElo "2310"]
[PlyCount "78"]
[EventDate "2006.03.25"]

1. e4 g6 2. h4 h5 3. d4 c5 4. c3 cxd4 5. Nf3 Bg7 6. Bc4 e6 7. e5 d5 8. Bd3 dxc3
9. Nxc3 a6 10. Bg5 Ne7 11. Rc1 Nbc6 12. Qe2 Bd7 13. O-O O-O 14. Rfd1 Rc8 15.
Bb1 Qe8 16. Bf6 Kh8 17. Ng5 Bxf6 18. exf6 Ng8 19. Qf3 Ne5 20. Qf4 Ng4 21. f3 e5
22. Qg3 N4xf6 23. Re1 e4 24. fxe4 d4 25. e5 Ng4 26. e6 fxe6 27. Nce4 Rxc1 28.
Rxc1 Bc6 29. Nd6 Qe7 30. Bxg6 N8h6 31. Bxh5 e5 32. Ngf7+ Nxf7 33. Nxf7+ Rxf7
34. Bxf7 Nh6 35. Bb3 Qg7 36. Qxg7+ Kxg7 37. Rf1 d3 38. Kh2 Kg6 39. Be6 e4 0-1

[Event "XXXI Coppa A"]
[Site "Cagliari ITA"]
[Date "2006.03.26"]
[Round "3"]
[White "Clementini, Lorenzo"]
[Black "Basciu, Simone"]
[Result "0-1"]
[WhiteElo "2126"]
[BlackElo "2176"]
[PlyCount "126"]
[EventDate "2006.03.25"]

1. d4 d5 2. c4 e6 3. Nc3 c6 4. cxd5 exd5 5. Qc2 Bd6 6. Nf3 Ne7 7. Bg5 f6 8. Bh4
Bf5 9. Qd2 Nd7 10. e3 O-O 11. Bg3 Nb6 12. Bxd6 Qxd6 13. Nh4 Nc4 14. Bxc4 dxc4
15. Nxf5 Nxf5 16. O-O b5 17. Ne4 Qd5 18. Nc5 a5 19. Rad1 Rfd8 20. Qe2 Qf7 21.
Qf3 Ne7 22. e4 f5 23. e5 Nd5 24. Rfe1 g6 25. e6 Qe7 26. Qe2 Rd6 27. g4 fxg4 28.
Qxg4 Rf8 29. Qg3 Nf4 30. Re4 Nh5 31. Qe3 Rf5 32. Re5 Rd5 33. Rxd5 cxd5 34. Re1
Nf4 35. Kh1 Nh5 36. Rg1 Ng7 37. Re1 Rh5 38. Qg3 b4 39. Qb8+ Qf8 40. Qxf8+ Kxf8
41. e7+ Ke8 42. Nb7 Nf5 43. Nxa5 Nxd4 44. Nb7 Rxh2+ 45. Kxh2 Nf3+ 46. Kg3 Nxe1
47. Kf4 Nd3+ 48. Ke3 Nxb2 49. Kd4 c3 50. Kxd5 Kxe7 51. Nc5 c2 52. Nb3 Nd3 53.
Kc4 c1=Q+ 54. Nxc1 Nxc1 55. Kxb4 Nd3+ 56. Kc4 Nxf2 57. a4 Kd7 58. Kb5 Kc7 59.
Ka6 Nd3 60. Ka7 Nc5 61. a5 g5 62. a6 Nxa6 63. Kxa6 g4 0-1

[Event "XXXI Coppa A"]
[Site "Cagliari ITA"]
[Date "2006.03.26"]
[Round "3"]
[White "Lai, Luca"]
[Black "Collu, Giuseppe"]
[Result "1-0"]
[WhiteElo "1829"]
[BlackElo "1832"]
[PlyCount "81"]
[EventDate "2006.03.25"]

1. e4 e5 2. f4 exf4 3. Nf3 d6 4. Bc4 Be6 5. Bxe6 fxe6 6. d4 Nf6 7. Nc3 Nh5 8.
O-O Be7 9. g4 fxg3 10. Ne5 gxh2+ 11. Kxh2 Nf6 12. Rxf6 dxe5 13. Qh5+ g6 14.
Rxg6 hxg6 15. Qxh8+ Kd7 16. Qxd8+ Kxd8 17. dxe5 Nd7 18. Bf4 g5 19. Bg3 c6 20.
Rf1 Ke8 21. a3 Bf8 22. Kh3 Bg7 23. Kg4 Ke7 24. Ne2 Nxe5+ 25. Kxg5 Rg8 26. Bxe5
Bxe5+ 27. Kh6 Rg2 28. Ng1 Rxc2 29. Nf3 Bxb2 30. e5 Bc1+ 31. Kh5 b5 32. Rg1 a5
33. Rg7+ Kf8 34. Rb7 Bxa3 35. Kg6 Rc4 36. Ng5 Rg4 37. Kf6 Rf4+ 38. Kxe6 Rh4 39.
Nh7+ Kg8 40. Nf6+ Kf8 41. Rf7# 1-0

[Event "XXXI Coppa A"]
[Site "Cagliari ITA"]
[Date "2006.03.26"]
[Round "3"]
[White "Ljubisavljevic, Zivojin Z."]
[Black "Camboni, Paolo"]
[Result "1-0"]
[WhiteElo "2310"]
[BlackElo "1883"]
[PlyCount "67"]
[EventDate "2006.03.25"]

1. c4 e5 2. Nc3 Nc6 3. g3 d6 4. Nf3 Nf6 5. Bg2 Bd7 6. d4 g6 7. O-O Bg7 8. dxe5
dxe5 9. Nd5 h6 10. Qb3 Nxd5 11. cxd5 Na5 12. Qb4 b6 13. Bd2 Nb7 14. Rac1 Nd6
15. Qc3 Nb5 16. Qc2 Rc8 17. a4 Nd6 18. Bb4 O-O 19. Nd2 f5 20. Nc4 g5 21. Qb3
Rf6 22. Nxe5 f4 23. Nc6 Qe8 24. Bc3 fxg3 25. Bxf6 gxh2+ 26. Kh1 Bxf6 27. Nxa7
Ra8 28. Nb5 Nxb5 29. axb5 Be5 30. d6+ Be6 31. Bd5 Kf7 32. Rxc7+ Kf6 33. Re7
Bxd6 34. Rxe6+ 1-0

[Event "XXXI Coppa A"]
[Site "Cagliari ITA"]
[Date "2006.03.26"]
[Round "3"]
[White "Locci, Damiano"]
[Black "Puzzoni, Christian"]
[Result "1-0"]
[WhiteElo "1934"]
[BlackElo "2073"]
[PlyCount "91"]
[EventDate "2006.03.25"]

1. e4 e5 2. Nf3 d5 3. exd5 Bd6 4. Bb5+ Bd7 5. Bxd7+ Nxd7 6. d3 h6 7. c4 f5 8.
Nc3 Ngf6 9. Qe2 O-O 10. Be3 a6 11. O-O Qe7 12. Nh4 e4 13. Ng6 Qe8 14. Nxf8 Kxf8
15. f4 Ng4 16. d4 g5 17. c5 Nxe3 18. Qxe3 Bxf4 19. Rxf4 gxf4 20. Qxf4 Qg6 21.
Nxe4 Re8 22. Ng3 Nf6 23. Rf1 Kg8 24. Nxf5 Nxd5 25. Qf3 c6 26. Nd6 Rb8 27. Qf7+
Qxf7 28. Rxf7 b6 29. cxb6 Rxb6 30. Rb7 Rxb7 31. Nxb7 Kf7 32. Nd8+ Kf6 33. Nxc6
Kf5 34. Kf2 Ke4 35. g3 Ne3 36. Ke2 Ng4 37. h3 Nf6 38. a4 Nd5 39. a5 h5 40. b4
Nc3+ 41. Kd2 Nb5 42. g4 hxg4 43. hxg4 Kd5 44. g5 Kxc6 45. g6 Nd6 46. Ke3 1-0

[Event "XXXI Coppa A"]
[Site "Cagliari ITA"]
[Date "2006.03.26"]
[Round "3"]
[White "Palmieri, Roberto"]
[Black "Corona, Danilo"]
[Result "1-0"]
[WhiteElo "1838"]
[BlackElo "1732"]
[PlyCount "89"]
[EventDate "2006.03.25"]

1. e4 c5 2. Nf3 Nc6 3. Bc4 e6 4. Qe2 Na5 5. Bd3 Qc7 6. b3 Nf6 7. Bb2 Be7 8. O-O
O-O 9. e5 Nd5 10. Qe4 g6 11. h4 f5 12. exf6 Nxf6 13. Qe2 d5 14. c3 Nc6 15. Ng5
e5 16. Na3 a6 17. f3 Nh5 18. Qe1 c4 19. bxc4 Bc5+ 20. Rf2 e4 21. Be2 Qg3 22.
cxd5 Ne5 23. Nxe4 Bxf2+ 24. Qxf2 Qxf2+ 25. Kxf2 Nf4 26. Rb1 Nxe2 27. Kxe2 Bf5
28. d3 Rad8 29. c4 Nd7 30. Bd4 b5 31. c5 Bxe4 32. dxe4 Nf6 33. Bxf6 Rxf6 34.
Ke3 h5 35. Nc2 Rc8 36. Kd4 Kf7 37. Ne3 Ke7 38. Rb2 Rf4 39. d6+ Kd7 40. Kd5 Rc6
41. e5 Rc8 42. e6+ Kd8 43. c6 Ra8 44. e7+ Ke8 45. Ke6 1-0

[Event "XXXI Coppa A"]
[Site "Cagliari ITA"]
[Date "2006.03.26"]
[Round "3"]
[White "Putzolu, Marcello"]
[Black "Marras, Giuseppe"]
[Result "1/2-1/2"]
[WhiteElo "1778"]
[BlackElo "1870"]
[PlyCount "100"]
[EventDate "2006.03.25"]

1. e4 e6 2. d4 d5 3. e5 c5 4. c3 Nc6 5. Nf3 Qb6 6. Be2 cxd4 7. cxd4 Bb4+ 8. Nc3
Nge7 9. a3 Bxc3+ 10. bxc3 Bd7 11. O-O O-O 12. Bd2 Na5 13. Rb1 Qc7 14. Bd3 Ng6
15. h4 f5 16. exf6 Rxf6 17. Bg5 Rff8 18. Bxg6 hxg6 19. Qd3 Be8 20. Rfe1 Qf7 21.
Re2 Qf5 22. Qxf5 exf5 23. Ne5 Bf7 24. Rb5 b6 25. Nxf7 Rxf7 26. Rxd5 Rc7 27. Re7
Rxe7 28. Bxe7 Kf7 29. Bb4 Nc4 30. Rd7+ Kf6 31. Rc7 b5 32. a4 a5 33. Be7+ Ke6
34. axb5 Nd6 35. Bxd6 Kxd6 36. b6 Rb8 37. Ra7 Rxb6 38. Rxa5 Rc6 39. Rc5 Rxc5
40. dxc5+ Kxc5 41. Kh2 Kc4 42. Kg3 Kxc3 43. Kf4 Kd3 44. g4 Ke2 45. f3 Kf2 46.
gxf5 gxf5 47. h5 Kg2 48. Kxf5 Kxf3 49. Kg6 Kg4 50. Kxg7 Kxh5 1/2-1/2

[Event "XXXI Coppa A"]
[Site "Cagliari ITA"]
[Date "2006.03.26"]
[Round "3"]
[White "Santilli, Enrico"]
[Black "Pes, Francesco"]
[Result "1-0"]
[WhiteElo "1892"]
[BlackElo "1802"]
[PlyCount "69"]
[EventDate "2006.03.25"]

1. e4 e6 2. d4 d5 3. c4 dxe4 4. Nc3 Bb4 5. Qa4+ Nc6 6. a3 Bxc3+ 7. bxc3 Bd7 8.
Qc2 Nf6 9. Bg5 O-O 10. f3 e3 11. Bd3 h6 12. h4 Na5 13. Bxe3 c5 14. g4 Qc7 15.
Ne2 Bc6 16. g5 Nh5 17. gxh6 Bxf3 18. hxg7 Nxg7 19. Rg1 f5 20. Bf4 Qd7 21. Be5
Rf7 22. Nf4 Nc6 23. Ng6 Bh5 24. Qd2 Bxg6 25. Rxg6 Nxe5 26. dxe5 Rd8 27. O-O-O
Qa4 28. Kb2 Rfd7 29. Rdg1 Re7 30. Rxg7+ Rxg7 31. Rxg7+ Kxg7 32. Qg5+ Kh7 33.
Qxd8 Qa6 34. Qe7+ Kh8 35. Qxc5 1-0

[Event "XXXI Coppa A"]
[Site "Cagliari ITA"]
[Date "2006.04.01"]
[Round "4"]
[White "Basciu, Simone"]
[Black "Ljubisavljevic, Zivojin Z."]
[Result "0-1"]
[WhiteElo "2176"]
[BlackElo "2310"]
[PlyCount "92"]
[EventDate "2006.03.25"]

1. d4 Nf6 2. Nf3 e6 3. c4 c5 4. d5 b5 5. dxe6 fxe6 6. cxb5 d5 7. Nbd2 c4 8. g3
Bc5 9. Bg2 Bxf2+ 10. Kxf2 Ng4+ 11. Ke1 Qb6 12. Nxc4 Qf2+ 13. Kd2 dxc4 14. Qg1
Bb7 15. Qxf2 Nxf2 16. Rf1 Ng4 17. h3 Nf6 18. g4 a6 19. bxa6 Nxa6 20. Nh4 Bxg2
21. Nxg2 Nc5 22. Kc3 Nb3 23. axb3 Rxa1 24. bxc4 h5 25. Nf4 hxg4 26. hxg4 Rf8
27. b3 Nxg4 28. Kb2 Rxc1 29. Kxc1 g5 30. Rg1 Rxf4 31. e3 Re4 32. Kd2 Ke7 33.
Kd3 Rxe3+ 34. Kd4 e5+ 35. Kc5 Nf6 36. b4 Ke6 37. b5 Rb3 38. Kc6 Rc3 39. Kc5 g4
40. Kb4 Rc2 41. Kc5 g3 42. b6 Ne4+ 43. Kb4 Rb2+ 44. Ka5 Kd6 45. Rh1 g2 46. Rh6+
Kc5 0-1

[Event "XXXI Coppa A"]
[Site "Cagliari ITA"]
[Date "2006.04.01"]
[Round "4"]
[White "Camboni, Paolo"]
[Black "Locci, Damiano"]
[Result "0-1"]
[WhiteElo "1883"]
[BlackElo "1934"]
[PlyCount "62"]
[EventDate "2006.03.25"]

1. d4 d5 2. c4 c6 3. Nf3 Nf6 4. e3 e6 5. a3 dxc4 6. Bxc4 b5 7. Bd3 a6 8. O-O
Be7 9. Qc2 Bb7 10. Bd2 Nbd7 11. b4 Qc7 12. e4 h6 13. Nc3 e5 14. dxe5 Nxe5 15.
Nxe5 Qxe5 16. f4 Qd4+ 17. Kh1 Ng4 18. Bc1 Bf6 19. e5 Bh4 20. Ne4 O-O-O 21. Nd6+
Kb8 22. Be4 Rxd6 23. exd6 Qxa1 24. Rd1 Nf2+ 25. Kg1 Nxd1 26. Qxd1 Re8 27. g3
Rxe4 28. gxh4 Qd4+ 29. Qxd4 Rxd4 30. Bb2 Rd1+ 31. Kf2 Rd2+ 0-1

[Event "XXXI Coppa A"]
[Site "Cagliari ITA"]
[Date "2006.04.01"]
[Round "4"]
[White "Collu, Giuseppe"]
[Black "Palmieri, Roberto"]
[Result "0-1"]
[WhiteElo "1832"]
[BlackElo "1838"]
[PlyCount "98"]
[EventDate "2006.03.25"]

1. e4 c5 2. Nf3 d6 3. d4 cxd4 4. Nxd4 Nf6 5. Nc3 a6 6. Bg5 e6 7. f4 h6 8. Bh4
Nbd7 9. Qf3 Be7 10. O-O-O O-O 11. g4 Nh7 12. Bxe7 Qxe7 13. h4 g6 14. Bg2 Nb8
15. Qe3 Nc6 16. f5 Ne5 17. Qg3 Rd8 18. Rhf1 b5 19. Nf3 Nxf3 20. Bxf3 Ra7 21.
Ne2 Rc7 22. Nf4 g5 23. hxg5 Qxg5 24. Kb1 Nf6 25. e5 Ne8 26. f6 Qxe5 27. g5 Qxg5
28. Qxg5+ hxg5 29. Nh5 Rc5 30. Be4 Re5 31. Bd3 Bb7 32. Rfe1 Rxe1 33. Rxe1 Bf3
34. Ng3 Nc7 35. Ne4 g4 36. Nd2 Nd5 37. Rg1 Kf8 38. Nxf3 gxf3 39. Rh1 Nxf6 40.
Rf1 e5 41. Rxf3 Ke7 42. a4 e4 43. Re3 d5 44. Bf1 Rg8 45. Ka2 Kd6 46. axb5 axb5
47. Bxb5 d4 48. Re1 Ke5 49. Bc4 Nd5 0-1

[Event "XXXI Coppa A"]
[Site "Cagliari ITA"]
[Date "2006.04.01"]
[Round "4"]
[White "Corona, Danilo"]
[Black "Lai, Luca"]
[Result "1-0"]
[WhiteElo "1732"]
[BlackElo "1829"]
[PlyCount "63"]
[EventDate "2006.03.25"]

1. e4 d5 2. exd5 c6 3. d4 cxd5 4. Nf3 Nc6 5. Nc3 f6 6. Bf4 Bg4 7. Be2 h5 8. Nh4
g5 9. Ng6 gxf4 10. Nxh8 Qd7 11. Ng6 Bh6 12. f3 Be6 13. Nh4 O-O-O 14. Na4 Bf7
15. Nc5 Qc7 16. Nf5 Bf8 17. c3 e6 18. Nh4 Nh6 19. Nb3 e5 20. Bd3 e4 21. fxe4
dxe4 22. Be2 Ne5 23. Qc2 Nd3+ 24. Bxd3 exd3 25. Qxd3 Re8+ 26. Kd2 Bc4 27. Qh3+
Ng4 28. Rae1 Re3 29. Rxe3 fxe3+ 30. Kc1 Bd3 31. Qf3 Bh6 32. Nf5 1-0

[Event "XXXI Coppa A"]
[Site "Cagliari ITA"]
[Date "2006.04.01"]
[Round "4"]
[White "Marras, Giuseppe"]
[Black "Santilli, Enrico"]
[Result "0-1"]
[WhiteElo "1870"]
[BlackElo "1892"]
[PlyCount "86"]
[EventDate "2006.03.25"]

1. d4 Nf6 2. h3 g6 3. c4 Bg7 4. Nc3 d6 5. e4 O-O 6. Nf3 Na6 7. Be3 c5 8. Be2
cxd4 9. Nxd4 Nc5 10. Qc2 Ne8 11. Rd1 Bd7 12. O-O Qc8 13. Bf3 Be5 14. g4 h5 15.
Qe2 Nf6 16. Nd5 Nxd5 17. exd5 hxg4 18. hxg4 Kg7 19. Kg2 f5 20. gxf5 gxf5 21.
Rh1 f4 22. Bc1 Rf6 23. Be4 Nxe4 24. Qxe4 Rg6+ 25. Kf1 Bh3+ 26. Rxh3 Qxh3+ 27.
Ke2 Qh5+ 28. Nf3 Rf8 29. Kd3 Rg2 30. Rd2 Qg6 31. Qxg6+ Rxg6 32. Re2 Kf6 33. Re4
Rg4 34. b3 Rh8 35. Re2 Kf5 36. Bb2 Rh3 37. Rxe5+ dxe5 38. Ke2 e4 39. Nd4+ Kg6
40. Bc1 Rd3 41. Nf3 Rxf3 42. c5 Rd3 43. d6 f3+ 0-1

[Event "XXXI Coppa A"]
[Site "Cagliari ITA"]
[Date "2006.04.01"]
[Round "4"]
[White "Pes, Francesco"]
[Black "Clementini, Lorenzo"]
[Result "0-1"]
[WhiteElo "1802"]
[BlackElo "2126"]
[PlyCount "64"]
[EventDate "2006.03.25"]

1. d4 Nf6 2. c4 c5 3. e3 g6 4. Nf3 Bg7 5. Nc3 cxd4 6. exd4 O-O 7. Bd3 d5 8. O-O
Nc6 9. Bf4 a6 10. c5 Bg4 11. Be2 Ne4 12. Nxe4 dxe4 13. Ne5 Bxe2 14. Qxe2 Qd5
15. Nxc6 bxc6 16. Be3 Bxd4 17. Rfd1 e5 18. Bh6 Rfb8 19. Qg4 f5 20. Qg5 Qd8 21.
Qg3 Rxb2 22. h4 Qf6 23. Bg5 Qe6 24. Rxd4 exd4 25. Qc7 Rc8 26. Qa7 Qf7 27. Qxa6
Qd7 28. Bh6 Rcb8 29. Qc4+ Qd5 30. Qa6 e3 31. Qa7 exf2+ 32. Kh2 f1=N+ 0-1

[Event "XXXI Coppa A"]
[Site "Cagliari ITA"]
[Date "2006.04.01"]
[Round "4"]
[White "Puzzoni, Christian"]
[Black "Putzolu, Marcello"]
[Result "1-0"]
[WhiteElo "2073"]
[BlackElo "1778"]
[PlyCount "107"]
[EventDate "2006.03.25"]

1. e4 c5 2. b4 e6 3. Nf3 d6 4. bxc5 dxc5 5. Bc4 Nf6 6. Nc3 Be7 7. O-O O-O 8. d3
Nc6 9. Ne2 Na5 10. Bb3 c4 11. Ba4 a6 12. e5 Nd5 13. dxc4 Nxc4 14. Bb3 Qc7 15.
Qd4 b5 16. Ng3 f6 17. Bxc4 Qxc4 18. Qxc4 bxc4 19. Rb1 Nb4 20. c3 Nd3 21. exf6
Bxf6 22. Ba3 Rf7 23. Ne4 Bd8 24. Nd6 Rf4 25. Nd4 e5 26. Nc6 Bd7 27. Nxd8 Rxd8
28. Rb6 Bb5 29. Rb7 h6 30. f3 Rf6 31. Ne4 Rg6 32. g3 Nf4 33. Kh1 Nd3 34. Re7
Rd7 35. Re8+ Kh7 36. Rf8 Bc6 37. Nd2 Nb2 38. Ne4 Na4 39. Bb4 Rd3 40. Kg2 Nb2
41. Nc5 Rd2+ 42. Rf2 Rxf2+ 43. Kxf2 Bb5 44. Rd8 Rf6 45. Ke3 Bc6 46. Ne4 Re6 47.
Nc5 Rg6 48. Ne4 Nd3 49. a3 Bb5 50. Rc8 Nb2 51. Nd6 Bd7 52. Rc7 Ba4 53. Nxc4
Nxc4+ 54. Rxc4 1-0

[Event "XXXI Coppa A"]
[Site "Cagliari ITA"]
[Date "2006.04.01"]
[Round "5"]
[White "Camboni, Paolo"]
[Black "Puzzoni, Christian"]
[Result "1/2-1/2"]
[WhiteElo "1883"]
[BlackElo "2073"]
[PlyCount "46"]
[EventDate "2006.03.25"]

1. e4 e5 2. Nf3 Nc6 3. Nc3 Nf6 4. g3 Bc5 5. Bg2 d5 6. exd5 Nxd5 7. Nxe5 Nxc3 8.
bxc3 Nxe5 9. d4 O-O 10. O-O Bg4 11. f3 Bf5 12. g4 Bxc2 13. Qxc2 Bxd4+ 14. cxd4
Qxd4+ 15. Kh1 Qxa1 16. Be3 Qxf1+ 17. Bxf1 Rfe8 18. Qf2 Rad8 19. Bf4 c5 20. Kg2
b6 21. Kg3 Ng6 22. Bd2 Re7 23. Bb5 Nf8 1/2-1/2

[Event "XXXI Coppa A"]
[Site "Cagliari ITA"]
[Date "2006.04.01"]
[Round "5"]
[White "Clementini, Lorenzo"]
[Black "Corona, Danilo"]
[Result "1-0"]
[WhiteElo "2126"]
[BlackElo "1732"]
[PlyCount "99"]
[EventDate "2006.03.25"]

1. e4 c5 2. c3 d5 3. exd5 Qxd5 4. d4 Nc6 5. Nf3 Bg4 6. Be2 cxd4 7. cxd4 e6 8.
Nc3 Qa5 9. O-O Nf6 10. Be3 Be7 11. Qb3 Qb4 12. Qc2 O-O 13. a3 Qa5 14. b4 Bf5
15. Qb3 Qd8 16. Rfd1 Nd5 17. Nxd5 exd5 18. Rac1 a6 19. Ne1 Bf6 20. Bf3 Be6 21.
Qb2 Bg5 22. Qd2 Bxe3 23. fxe3 Bf5 24. Nd3 Re8 25. Nf4 Be4 26. Bxe4 Rxe4 27. Rc5
Ne7 28. Rdc1 g5 29. Nh5 Rh4 30. Nf6+ Kg7 31. Rf1 Qd6 32. g3 Rh6 33. Ng4 Rh5 34.
Rf6 Qd7 35. Rxf7+ Kh8 36. Nf6 Qf5 37. Qc2 Rh6 38. Qxf5 Nxf5 39. Rcc7 Rxf6 40.
Rxf6 Nxe3 41. Rff7 Nc4 42. Rxh7+ Kg8 43. Rhg7+ Kf8 44. Rxg5 Nd6 45. Rxd5 Ne8
46. Rxb7 Rc8 47. Rc5 Rd8 48. d5 Nf6 49. Rc6 Nxd5 50. Rxa6 1-0

[Event "XXXI Coppa A"]
[Site "Cagliari ITA"]
[Date "2006.04.01"]
[Round "5"]
[White "Collu, Giuseppe"]
[Black "Pes, Francesco"]
[Result "1/2-1/2"]
[WhiteElo "1832"]
[BlackElo "1802"]
[PlyCount "90"]
[EventDate "2006.03.25"]

1. e4 e6 2. d4 d5 3. Nc3 Bb4 4. e5 c5 5. a3 Bxc3+ 6. bxc3 Ne7 7. Bd3 Nbc6 8.
Nf3 O-O 9. O-O Ng6 10. h4 h6 11. g3 c4 12. Be2 f5 13. exf6 Qxf6 14. h5 Nge7 15.
Bf4 Bd7 16. Ne5 Nxe5 17. Bxe5 Qg5 18. Qc1 Qxc1 19. Raxc1 Nc6 20. Bd6 Rf6 21. f4
Rd8 22. Bg4 Bc8 23. Bc7 Rdf8 24. Be5 Nxe5 25. dxe5 R6f7 26. Rb1 Rc7 27. Bh3 Rc5
28. Kf2 Ra5 29. Ra1 Rb5 30. Rfb1 Rxb1 31. Rxb1 b6 32. Ke3 Kf7 33. g4 Ke7 34. g5
hxg5 35. fxg5 Bd7 36. Rf1 Rxf1 37. Bxf1 Be8 38. Be2 Ba4 39. Bd1 Be8 40. g6 Kf8
41. Kf4 Kg8 42. Kg5 Kh8 43. Bg4 Bd7 44. h6 Kg8 45. Bh3 Bc8 1/2-1/2

[Event "XXXI Coppa A"]
[Site "Cagliari ITA"]
[Date "2006.04.01"]
[Round "5"]
[White "Ljubisavljevic, Zivojin Z."]
[Black "Locci, Damiano"]
[Result "1/2-1/2"]
[WhiteElo "2310"]
[BlackElo "1934"]
[PlyCount "77"]
[EventDate "2006.03.25"]

1. d4 f5 2. Nc3 Nf6 3. Bg5 e6 4. e4 fxe4 5. Nxe4 Be7 6. Bxf6 Bxf6 7. Nf3 Qe7 8.
Bd3 O-O 9. O-O Nc6 10. c3 b6 11. Qd2 Bb7 12. Nxf6+ Qxf6 13. Ng5 g6 14. f4 h6
15. Ne4 Qg7 16. Rae1 Ne7 17. g4 Rf7 18. Ng3 Raf8 19. Rf2 Nd5 20. Be4 Bc6 21.
Bxd5 Bxd5 22. b3 Qf6 23. c4 Bb7 24. Qd3 Qh4 25. Qxg6+ Rg7 26. Qh5 Qxg4 27. Qxg4
Rxg4 28. d5 h5 29. Rg2 exd5 30. Nxh5 Rxg2+ 31. Kxg2 dxc4+ 32. Kg3 cxb3 33. axb3
Kf7 34. f5 Rh8 35. Nf4 Kf6 36. Ng6 Rh5 37. Ne5 d6 38. Ng4+ Kxf5 39. Re7 1/2-1/2

[Event "XXXI Coppa A"]
[Site "Cagliari ITA"]
[Date "2006.04.01"]
[Round "5"]
[White "Palmieri, Roberto"]
[Black "Marras, Giuseppe"]
[Result "0-1"]
[WhiteElo "1838"]
[BlackElo "1870"]
[PlyCount "80"]
[EventDate "2006.03.25"]

1. e4 e6 2. d4 d5 3. e5 c5 4. c3 Nc6 5. f4 Bd7 6. Nf3 Rc8 7. Be2 cxd4 8. cxd4
Bb4+ 9. Nc3 Nh6 10. a3 Be7 11. O-O a6 12. Bd3 Qb6 13. Ne2 Na5 14. Nd2 Bb5 15.
Bxb5+ axb5 16. b3 Nf5 17. Nf3 h5 18. Bb2 Ne3 19. Qd3 Nxf1 20. Kxf1 b4 21. a4
Qa6 22. Qd1 Kd7 23. Kf2 Rc7 24. Ng3 Rhc8 25. Ne1 g6 26. Nf1 f6 27. Ne3 fxe5 28.
fxe5 Bg5 29. N1c2 Qb6 30. Qd3 Bxe3+ 31. Nxe3 Rf8+ 32. Kg1 Kc8 33. Qxg6 Qc6 34.
Qd3 Qa6 35. Qd1 Rcf7 36. Qc2+ Kb8 37. Rb1 Rf2 38. Qd1 Qe2 39. Qxe2 Rxe2 40. Nf1
Rff2 0-1

[Event "XXXI Coppa A"]
[Site "Cagliari ITA"]
[Date "2006.04.01"]
[Round "5"]
[White "Putzolu, Marcello"]
[Black "Lai, Luca"]
[Result "0-1"]
[WhiteElo "1778"]
[BlackElo "1829"]
[PlyCount "104"]
[EventDate "2006.03.25"]

1. Nf3 g5 2. Nxg5 e5 3. d4 h6 4. Nxf7 Kxf7 5. dxe5 Nc6 6. e4 Qh4 7. Qd5+ Ke8 8.
Bc4 Nge7 9. Qf7+ Kd8 10. Qf6 Qxe4+ 11. Be3 Qxe5 12. Qh4 d5 13. O-O dxc4 14.
Rd1+ Bd7 15. Qxc4 Kc8 16. Nc3 Qe6 17. Qd3 Ne5 18. Qd2 N7c6 19. Nd5 Bd6 20. b3
Rg8 21. Kf1 Rxg2 22. Nf4 Qh3 23. Nxh3 Bxh3 24. Qd5 Nb4 25. Qxg2 Bxg2+ 26. Kxg2
Nxc2 27. Rac1 Nxe3+ 28. fxe3 Kd7 29. h3 Ke6 30. Kf2 Rf8+ 31. Ke2 Rf3 32. Rh1 b6
33. Rc2 Bc5 34. Rc3 a5 35. Rd3 Kf5 36. Rd5 Rxe3+ 37. Kd2 Ke4 38. Rd8 Bb4+ 39.
Kd1 Rc3 40. Re1+ Kf4 41. Rd4+ Kf5 42. Rf1+ Nf3 43. Rd7 Ke4 44. Rd8 Bd6 45. Re8+
Be5 46. h4 Rd3+ 47. Kc1 Kd5 48. Rd8+ Bd6 49. h5 Kc5 50. Rd1 Bf4+ 51. Kb1 Nd2+
52. Rxd2 Rxd2 0-1

[Event "XXXI Coppa A"]
[Site "Cagliari ITA"]
[Date "2006.04.01"]
[Round "5"]
[White "Santilli, Enrico"]
[Black "Basciu, Simone"]
[Result "0-1"]
[WhiteElo "1892"]
[BlackElo "2176"]
[PlyCount "50"]
[EventDate "2006.03.25"]

1. e4 e6 2. d4 d5 3. c4 dxe4 4. Nc3 Nd7 5. Nxe4 Ngf6 6. Bd3 Nxe4 7. Bxe4 Nf6 8.
Bc2 c5 9. Nf3 cxd4 10. O-O Bc5 11. Ba4+ Bd7 12. Bd2 a5 13. Ne5 Bxa4 14. Qxa4+
Nd7 15. Rae1 Ke7 16. Qb5 Bd6 17. Nxf7 Kxf7 18. Rxe6 Nc5 19. Ree1 Qc7 20. a3 Qc6
21. Qxc6 bxc6 22. b4 Nd3 23. Rb1 axb4 24. axb4 Ra2 25. Rfd1 Rb8 0-1